Konigliche dokumente Aus dem alten reich /

Saved in:

Main Author: Goedicke, Hans (Author)

Format: Book

Language: German

Published: Wiesbaden : Harrassowitz, 1967.

Series: Agyptologische Abhandlungen ; 14.
AA ; 14.

Subjects:

Tags: Add Tag

No Tags, Be the first to tag this record!

Call Number: DT57 .A31 v.14

LEADER 00848namaa2200289 4500
001 5540
003 OSt
005 20260330125947.0
008 130303s1967 gw a b 000 0 ger d
010 |a 68090160 
015 |a GDB68-A8-324 
040 |c ARCE Library 
043 |a f-ua--- 
050 4 |a DT57 .A31 v.14 
100 1 |a Goedicke, Hans,  |e author  |9 30860 
245 1 0 |a Konigliche dokumente Aus dem alten reich /   |c Hans Goedicke. 
264 1 |a Wiesbaden :  |b Harrassowitz,  |c 1967. 
300 |a viii, 256 pages with 31 illustrations ;  |c 25 cm. 
490 1 |a Agyptologische Abhandlungen ;   |v 14. 
490 1 |a AA ;   |v 14. 
504 |a Bibliographical footnotes. 
651 0 |a Egypt  |x History  |y To 332 B.C.  |v Sources. 
830 0 |a Agyptologische Abhandlungen ;   |v 14. 
830 0 |a AA ;   |v 14. 
901 |a reviewed 
942 |c BK  |2 lcc 
999 |c 9454  |d 9454